Quick Pick: 'P' Latin Phrases Quiz Stats

 Plays Quiz Updated May 28, 2018

Challenge
Share
Tweet
Embed
Score 0/12 Timer 01:30
4 Plays Today
% Correct
Post mortem
93.6%
Per diem
92.5%
Post meridiem
90.8%
Post scriptum
90.7%
Pro bono publico
90.3%
Per capita
87.4%
Primus inter pares
83.8%
Pro patria
80.6%
Propria manu
80.3%
Pax aeterna
80%
Prima luce
70.3%
Pari passu
68.7%

Today's Daily Dose

Word Ladder
Bruno Mars Song

Get the Picture
Japanese Cars

You're not logged in!

Compare scores with friends on all Sporcle quizzes.
OR
Log In

You Might Also Like...

Show Comments

Extras

Top Quizzes Today


Score Distribution

Your Account Isn't Verified!

In order to create a playlist on Sporcle, you need to verify the email address you used during registration. Go to your Sporcle Settings to finish the process.

Report this User

Report this user for behavior that violates our Community Guidelines.

Details: